00811 2200301 4500001002100000005001500021035002000036007000300056008004100059040001700100100002000117245007700137250001000214300003700224020002200261041000800283082000800291084001400299090001900313260003000332600001200362850001000374990002500384990002500409990002500434990002500459990002500484INLIS00000000000212820260603100554 a0010-0120000571ta260603 0  aSBPUPADbind0 aBunafit Nugroho1 aAplikasi Pemprograman Web Desain dengan PHP dan MySQL /cBunafit Nugroho aCet.1 axvii, 554 hlm. :bilus. ;c23 cm a978-602-5568-41-1 aind a004 a004 BUN a a004 BUN a L1-3 aYogyakarta :bANDI,c2019 4aprogram aPUPAD a31.096/APBD/DPK/2019 a31.097/APBD/DPK/2019 a31.093/APBD/DPK/2019 a31.094/APBD/DPK/2019 a31.095/APBD/DPK/2019